Wszystkie miasta w Albanii na mapie - Statystyki

Ogólne statystyki
  • Ten quiz został rozwiązany 36 razy
  • Średni wynik to 8 z 65
Odpowiedzi na mapie
Odpowiedzi zakodowano w zielono-czerwonej skali na mapie do tego quizu, zgodnie z poniższymi procentami.
 
Statystyki odpowiedzi
Obwód Populacja Miasto % Poprawnych
Tirana 895 160 Tirana
100%
Durrës 205 849 Durrës
82%
Wlora 189 311 Wlora
64%
Szkodra 154 612 Szkodra
61%
Berat 69 000 Berat
29%
Elbasan 141 714 Elbasan
29%
Gjirokastra 22 800 Gjirokastra
25%
Kukës 25 000 Kukës
25%
Wlora 14 500 Saranda
25%
Korcza 86 176 Korcza
21%
Fier 120 655 Fier
18%
Lezha 30 000 Laç
18%
Lezha 27 085 Lezha
18%
Fier 54 813 Lushnja
18%
Wlora 4 500 Himara
14%
Korcza 38 500 Pogradec
14%
Gjirokastra 11 300 Tepelena
14%
Tirana 30 000 Kavaja
11%
Berat 18 000 Kuçova
11%
Fier 23 182 Patos
11%
Dibra 14 100 Peshkopia
11%
Kukës 7 500 Bajram Curri
7%
Dibra 10 000 Bulqiza
7%
Dibra 13 900 Burrel
7%
Szkodra 2 500 Fushë-Arrëz
7%
Durrës 9 600 Fushë-Kruja
7%
Elbasan 10 400 Gramsh
7%
Tirana 9 300 Kamëz
7%
Wlora 1 500 Konispol
7%
Szkodra 4 100 Koplik
7%
Dibra 1 200 Krasta
7%
Durrës 20 400 Kruja
7%
Kukës 3 200 Kruma
7%
Wlora 2 600 Orikum
7%
Szkodra 6 000 Puka
7%
Lezha 9 200 Rrëshen
7%
Tirana 5 200 Rrogozhinë
7%
Lezha 2 400 Rubik
7%
Lezha 2 500 Shëngjin
7%
Fier 9 100 Ballsh
4%
Korcza 6 700 Bilisht
4%
Elbasan 13 200 Cërrik
4%
Berat 13 200 Çorovoda
4%
Wlora 4 200 Delvina
4%
Fier 7 069 Divjaka
4%
Korcza 7 500 Erseka
4%
Gjirokastra 6 200 Këlcyra
4%
Tirana 1 100 Kërraba
4%
Korcza 1 800 Leskovik
4%
Gjirokastra 2 600 Libohova
4%
Elbasan 11 500 Librazhd
4%
Korcza 3 800 Maliq
4%
Lezha 7 600 Mamurras
4%
Gjirokastra 5 300 Memaliaj
4%
Lezha 2 000 Milot
4%
Elbasan 7 200 Peqin
4%
Gjirokastra 9 800 Përmet
4%
Elbasan 3 800 Përrenjas
4%
Berat 10 200 Poliçan
4%
Fier 6 400 Roskovec
4%
Wlora 6 900 Selenica
4%
Durrës 12 800 Shijak
4%
Elbasan 3 500 Shtërmen
4%
Berat 4 700 Ura Vajgurore
4%
Tirana 4 200 Vora
4%
Nie znaleziono quizów pasujących do podanych kryteriów
Rozkład punktacji
Procent ludzi z każdym wynikiem
Percentyl według liczby udzielonych odpowiedzi
Twoja historia wyników
Nie rozwiązałeś tego quizu